000 00620nam a2200205Ia 4500
005 20250508164622.0
008 008 250505s9999 xx 000 0 eng d
037 _aTextual
040 _aFEDL
_beng
_cFEDL
041 _aeng
_2eng
084 _a371.9, SIM
_qFEDL
100 _aSimpson Richard L
245 0 _aAutism spectrum disorders: Interventions and treatments for children and youth
260 _aNew Delhi, India
_bSage Publications India Pvt Ltd
_c2008
300 _axi,247p.
365 _aINR
_b350
650 _aSpecial Education
942 _cTEXL
_h371.9, SIM
999 _c1390166
_d1390166